The mouth of God: the impact of religious training on story recall in Tibetan Buddhists
Numerous studies have indicated that religious systems have a profound impact on individuals’ perceptions, emotions, and cognitive processes. The current research investigates the effects of religious upbringing and training on story recall in Tibetan Buddhists, specifically focusing on the Kagyu an...
| Main Author: | |
|---|---|
| Format: | Electronic Article |
| Language: | English |
| Check availability: | HBZ Gateway |
| Interlibrary Loan: | Interlibrary Loan for the Fachinformationsdienste (Specialized Information Services in Germany) |
| Published: |
2025
|
| In: |
Religion, brain & behavior
Year: 2025, Volume: 15, Issue: 2, Pages: 144-155 |
| Further subjects: | B
Nyingma
B Tibetan Buddhism B Kagyu B story recall B Religion |
| Online Access: |
Volltext (lizenzpflichtig) |
MARC
| LEADER | 00000caa a22000002c 4500 | ||
|---|---|---|---|
| 001 | 1929301189 | ||
| 003 | DE-627 | ||
| 005 | 20250629054811.0 | ||
| 007 | cr uuu---uuuuu | ||
| 008 | 250628s2025 xx |||||o 00| ||eng c | ||
| 024 | 7 | |a 10.1080/2153599X.2024.2347834 |2 doi | |
| 035 | |a (DE-627)1929301189 | ||
| 035 | |a (DE-599)KXP1929301189 | ||
| 040 | |a DE-627 |b ger |c DE-627 |e rda | ||
| 041 | |a eng | ||
| 084 | |a 0 |2 ssgn | ||
| 100 | 1 | |a Li, Heng |e VerfasserIn |4 aut | |
| 245 | 1 | 4 | |a The mouth of God: the impact of religious training on story recall in Tibetan Buddhists |
| 264 | 1 | |c 2025 | |
| 336 | |a Text |b txt |2 rdacontent | ||
| 337 | |a Computermedien |b c |2 rdamedia | ||
| 338 | |a Online-Ressource |b cr |2 rdacarrier | ||
| 520 | |a Numerous studies have indicated that religious systems have a profound impact on individuals’ perceptions, emotions, and cognitive processes. The current research investigates the effects of religious upbringing and training on story recall in Tibetan Buddhists, specifically focusing on the Kagyu and Nyingma traditions. Based on the observation that the lineage of the Kagyu emphasizes a continuity of oral instructions passed on from master to student, we predicted that Kagyu monks would demonstrate a higher ability of recalling stories than Nyingma monks, even in a non-religious context. Supporting our theoretical perspective, the results showed that Kagyu monks recalled a significantly greater proportion of a folktale than Nyingma monks under the oral-presentation condition. However, the two groups of participants showed no significant differences in their story-recall performance under the written-presentation condition. These findings are consistent with the core values of the Kagyu tradition that gives central prominence to the oral dissemination of Buddhism teachings. This study presents the first empirical evidence for the notion that religious differences are associated with meaningful variations in narrative and memory skills for stories. | ||
| 601 | |a Buddhist | ||
| 650 | 4 | |a Religion | |
| 650 | 4 | |a story recall | |
| 650 | 4 | |a Tibetan Buddhism | |
| 650 | 4 | |a Nyingma | |
| 650 | 4 | |a Kagyu | |
| 773 | 0 | 8 | |i Enthalten in |t Religion, brain & behavior |d London [u.a.] : Routledge, 2011 |g 15(2025), 2, Seite 144-155 |h Online-Ressource |w (DE-627)666852502 |w (DE-600)2624106-7 |w (DE-576)457642572 |x 2153-5981 |7 nnas |
| 773 | 1 | 8 | |g volume:15 |g year:2025 |g number:2 |g pages:144-155 |
| 856 | 4 | 0 | |u https://doi.org/10.1080/2153599X.2024.2347834 |x Resolving-System |z lizenzpflichtig |3 Volltext |7 1 |
| 935 | |a mteo | ||
| 951 | |a AR | ||
| ELC | |a 1 | ||
| ITA | |a 1 |t 1 | ||
| LOK | |0 000 xxxxxcx a22 zn 4500 | ||
| LOK | |0 001 4739405563 | ||
| LOK | |0 003 DE-627 | ||
| LOK | |0 004 1929301189 | ||
| LOK | |0 005 20250628055507 | ||
| LOK | |0 008 250628||||||||||||||||ger||||||| | ||
| LOK | |0 035 |a (DE-Tue135)IxTheo#2025-06-27#39D35F6B336F1B65593FD304999B8EEBECC9460B | ||
| LOK | |0 040 |a DE-Tue135 |c DE-627 |d DE-Tue135 | ||
| LOK | |0 092 |o n | ||
| LOK | |0 852 |a DE-Tue135 | ||
| LOK | |0 852 1 |9 00 | ||
| LOK | |0 935 |a ixzs |a zota | ||
| LOK | |0 939 |a 28-06-25 |b l01 | ||
| ORI | |a SA-MARC-ixtheoa001.raw | ||
| REL | |a 1 | ||
| STA | 0 | 0 | |a Religion,Religions,Religion,Religion in literature |
| STB | 0 | 0 | |a Religion,Religions,Religion |
| STC | 0 | 0 | |a Religión,Religión,Religión |
| STD | 0 | 0 | |a Religione,Religione,Religione |
| STE | 0 | 0 | |a 宗教,宗教 |
| STF | 0 | 0 | |a 宗教,宗教 |
| STG | 0 | 0 | |a Religião,Religião |
| STH | 0 | 0 | |a Религия (мотив),Религия |
| STI | 0 | 0 | |a Θρησκεία (μοτίβο),Θρησκεία |
| SUB | |a REL | ||
| SYE | 0 | 0 | |a Religion,Mystik,Mythologie |



